<?xml version="1.0" encoding="UTF-8"?>
<collection xmlns="http://www.loc.gov/MARC21/slim">
 <record>
  <leader>04879nam a2200349 a 4500</leader>
  <controlfield tag="001">kal3661</controlfield>
  <controlfield tag="003">Gr-AtHEAL</controlfield>
  <controlfield tag="005">20160505105836.0</controlfield>
  <controlfield tag="006">m        d        </controlfield>
  <controlfield tag="008">160413s2015    gr      s           gre|c</controlfield>
  <datafield tag="020" ind1=" " ind2=" ">
   <subfield code="a">9789606031472</subfield>
  </datafield>
  <datafield tag="040" ind1=" " ind2=" ">
   <subfield code="a">GR-AtHEAL</subfield>
   <subfield code="b">gre</subfield>
   <subfield code="c">GR-AtHEAL</subfield>
  </datafield>
  <datafield tag="082" ind1="0" ind2="4">
   <subfield code="a">347.22</subfield>
   <subfield code="2">23</subfield>
  </datafield>
  <datafield tag="100" ind1="1" ind2=" ">
   <subfield code="a">Δημοπούλου, Ευτέρπη-Μαγδαληνή.</subfield>
   <subfield code="8">2220</subfield>
  </datafield>
  <datafield tag="245" ind1="1" ind2="0">
   <subfield code="a">nD Κτηματολόγιο</subfield>
   <subfield code="h">[Ηλεκτρονικός πόρος] </subfield>
   <subfield code="b">Σχεδιασμός, ανάπτυξη, πρότυπα, μοντελοποίηση</subfield>
   <subfield code="c">Δημοπούλου, Ευτέρπη-Μαγδαληνή ; Κριτικός αναγνώστης,Αρβανίτης, Απόστολος ; Τεχνική επιμέλεια,Τσιλιακού, Ευδοξία.</subfield>
  </datafield>
  <datafield tag="260" ind1=" " ind2=" ">
   <subfield code="a">Αθήνα :</subfield>
   <subfield code="b">Σύνδεσμος Ελληνικών Ακαδημαϊκών Βιβλιοθηκών,</subfield>
   <subfield code="c">c2015.</subfield>
  </datafield>
  <datafield tag="490" ind1=" " ind2=" ">
   <subfield code="a">Ακαδημαϊκά Ηλεκτρονικά Συγγράμματα και Βοηθήματα Κάλλιπος</subfield>
   <subfield code="8">40</subfield>
  </datafield>
  <datafield tag="520" ind1=" " ind2=" ">
   <subfield code="a">Τα τελευταία χρόνια η διεθνής επιστημονική κοινότητα δείχνει ιδιαίτερο ενδιαφέρον στις τρισδιάστατες κτηματολογικές καταγραφές για την απεικόνιση της πολυπλοκότητας του σύγχρονου αστικού κυρίως τοπίου των επικαλυπτόμενων κατασκευών και των σύνθετων εμπράγματων δικαιωμάτων. Η στροφή προς την τρίτη διάσταση υποστηρίζεται σημαντικά από τις σημερινές τεχνολογικές εξελίξεις σε θέματα μοντελοποίησης, ενώ τελευταία, στον κτηματολογικό σχεδιασμό υπεισέρχεται η διάσταση του χρόνου αλλά και της κλίμακας. Η διεθνής εμπειρία, παρά τη δυναμική τεχνολογική της πρόοδο, δεν έχει να επιδείξει κανένα πλήρως λειτουργικό 3D κτηματολόγιο και περιορίζεται σε πειραματισμούς και βασικές εφαρμογές, ενώ το πεδίο της έρευνας στα 3D κτηματολογικά συστήματα οριοθετείται από το νομικό, τεχνικό και διοικητικό πλαίσιο κάθε χώρας, που συνεπάγεται συγκεκριμένες ανάγκες, περιορισμούς και δυνατότητες των 3D κτηματολογικών εγγραφών. Στο πλαίσιο αυτό, αντικείμενο της πρότασης είναι η καταγραφή και αξιολόγηση των εξελίξεων σε θέματα 3D/nD μοντέλων και συστημάτων διαχείρισης βάσεων δεδομένων και κτηματολογικών καταγραφών, μέσα από την επισκόπηση της διεθνούς εμπειρίας. Παράλληλα παρουσιάζεται η κατάσταση στην Ελλάδα, μέσα από τις ιδιαιτερότητες και τις ανάγκες καταγραφής, διαχείρισης και απεικόνισης του 3D χώρου, με αναφορά στην πορεία και τα χαρακτηριστικά του έργου σύνταξης του Εθνικού Κτηματολογίου, στο ισχύον κτηματολογικό μοντέλο, αλλά και στις προοπτικές προσαρμογής του σε διεθνή πρότυπα και απαιτήσεις.</subfield>
  </datafield>
  <datafield tag="650" ind1=" " ind2="0">
   <subfield code="a">Cadastres</subfield>
   <subfield code="8">2770</subfield>
  </datafield>
  <datafield tag="650" ind1=" " ind2="0">
   <subfield code="a">Land titles</subfield>
   <subfield code="x">Registration and transfer</subfield>
   <subfield code="z">Greece.</subfield>
   <subfield code="8">2771</subfield>
  </datafield>
  <datafield tag="653" ind1=" " ind2=" ">
   <subfield code="a">Διεθνή πρότυπα</subfield>
  </datafield>
  <datafield tag="653" ind1=" " ind2=" ">
   <subfield code="a">nD μοντελοποίηση</subfield>
  </datafield>
  <datafield tag="653" ind1=" " ind2=" ">
   <subfield code="a">Ειδικά ιδιοκτησιακά αντικείμενα</subfield>
  </datafield>
  <datafield tag="653" ind1=" " ind2=" ">
   <subfield code="a">Εθνικό κτηματολόγιο</subfield>
  </datafield>
  <datafield tag="653" ind1=" " ind2=" ">
   <subfield code="a">3D κτηματολόγιο</subfield>
  </datafield>
  <datafield tag="653" ind1=" " ind2=" ">
   <subfield code="a">Τεχνολογία και επιστήμες μηχανικών</subfield>
   <subfield code="a">Επιστήμες αγρονόμου-τοπογράφου μηχανικού</subfield>
   <subfield code="a">Κτηματολόγιο</subfield>
  </datafield>
  <datafield tag="700" ind1="1" ind2=" ">
   <subfield code="a">Αρβανίτης, Απόστολος</subfield>
   <subfield code="e">Κριτικός αναγνώστης</subfield>
   <subfield code="8">2221</subfield>
  </datafield>
  <datafield tag="856" ind1="4" ind2="0">
   <subfield code="u">http://hdl.handle.net/11419/3661</subfield>
   <subfield code="z">Πλήρες Κείμενο - Full text</subfield>
  </datafield>
  <datafield tag="907" ind1=" " ind2=" ">
   <subfield code="a">.b25678590</subfield>
   <subfield code="b">12-06-18</subfield>
   <subfield code="c">29-07-16</subfield>
  </datafield>
  <datafield tag="949" ind1=" " ind2=" ">
   <subfield code="0">0</subfield>
   <subfield code="1">0</subfield>
   <subfield code="2">ddc</subfield>
   <subfield code="4">0</subfield>
   <subfield code="6">347_220000000000000_ΔΗΜ</subfield>
   <subfield code="7">0</subfield>
   <subfield code="8">KALL</subfield>
   <subfield code="8">618</subfield>
   <subfield code="d">2016-04-13</subfield>
   <subfield code="r">2016-04-13</subfield>
   <subfield code="w">2016-04-13</subfield>
   <subfield code="z">347.22 ΔΗΜ</subfield>
   <subfield code="o">SEAB KALLIPOS</subfield>
  </datafield>
  <datafield tag="998" ind1=" " ind2=" ">
   <subfield code="a">80</subfield>
   <subfield code="a">01</subfield>
   <subfield code="a">02</subfield>
   <subfield code="a">03</subfield>
   <subfield code="a">04</subfield>
   <subfield code="a">05</subfield>
   <subfield code="a">06</subfield>
   <subfield code="a">07</subfield>
   <subfield code="a">08</subfield>
   <subfield code="a">09</subfield>
   <subfield code="a">10</subfield>
   <subfield code="a">11</subfield>
   <subfield code="a">12</subfield>
   <subfield code="a">13</subfield>
   <subfield code="a">14</subfield>
   <subfield code="a">15</subfield>
   <subfield code="a">16</subfield>
   <subfield code="a">17</subfield>
   <subfield code="a">18</subfield>
   <subfield code="a">19</subfield>
   <subfield code="a">20</subfield>
   <subfield code="a">21</subfield>
   <subfield code="a">22</subfield>
   <subfield code="a">23</subfield>
   <subfield code="a">24</subfield>
   <subfield code="a">25</subfield>
   <subfield code="a">26</subfield>
   <subfield code="b">10-05-17</subfield>
   <subfield code="c">m</subfield>
   <subfield code="d">z  </subfield>
   <subfield code="e">-</subfield>
   <subfield code="f">gre</subfield>
   <subfield code="g">gr </subfield>
   <subfield code="h">0</subfield>
  </datafield>
  <datafield tag="942" ind1=" " ind2=" ">
   <subfield code="2">ddc</subfield>
   <subfield code="c">KALLIPOS</subfield>
  </datafield>
 </record>
</collection>
